【飛鳥文化】<日本文化史サドンデス> - Statistics

General Stats
  • This quiz has been taken 75 times
  • The average score is 2 of 7
Answers on the Grid
Answers color-coded by a green-red scale on the quiz's grid according to % correct below.
法隆寺夢殿救世観音像
法隆寺五重塔
広隆寺弥勒菩薩半跏思惟像
法隆寺夢違観音像
法隆寺金堂釈迦三尊像
風土記
法隆寺百済観音像
薬師寺東塔
法隆寺阿弥陀三尊像
興福寺仏頭
法隆寺玉虫厨子扉絵
三経義疏
法隆寺金堂壁画
高松塚古墳壁画
 
Answer Stats
Answer % Correct
法隆寺五重塔
71%
法隆寺玉虫厨子扉絵
36%
法隆寺夢殿救世観音像
34%
法隆寺金堂釈迦三尊像
28%
広隆寺弥勒菩薩半跏思惟像
24%
法隆寺百済観音像
22%
三経義疏
12%
No matching quizzes found
Score Distribution
Percent of People with Each Score
Percentile by Number Answered
Your Score History
You have not taken this quiz